AFI's 100 Years...100 Movies (10th Anniversary Edition) - Statistics

General Stats
  • This quiz has been taken 6,454 times
  • The average score is 36 of 100
Answer Stats
Rank 10th anniversary list (2007) % Correct
2. The Godfather
89%
3. Casablanca
80%
1. Citizen Kane
77%
6. Gone with the Wind
77%
13. Star Wars
76%
14. Psycho
66%
83. Titanic
66%
32. The Godfather Part II
62%
8. Schindler's List
61%
10. The Wizard of Oz
61%
76. Forrest Gump
59%
56. Jaws
59%
72. The Shawshank Redemption
58%
92. Goodfellas
57%
24. E.T. the Extra-Terrestrial
55%
94. Pulp Fiction
55%
9. Vertigo
55%
52. Taxi Driver
54%
15. 2001: A Space Odyssey
53%
30. Apocalypse Now
51%
100. Ben-Hur
51%
71. Saving Private Ryan
51%
50. The Lord of the Rings: The Fellowship of the Ring
51%
4. Raging Bull
50%
48. Rear Window
49%
20. It's a Wonderful Life
48%
7. Lawrence of Arabia
46%
55. North by Northwest
46%
33. One Flew Over the Cuckoo's Nest
46%
40. The Sound of Music
46%
70. A Clockwork Orange
45%
19. On the Waterfront
44%
66. Raiders of the Lost Ark
43%
57. Rocky
43%
22. Some Like It Hot
43%
86. Platoon
41%
74. The Silence of the Lambs
41%
99. Toy Story
41%
5. Singin' in the Rain
39%
17. The Graduate
39%
51. West Side Story
38%
87. 12 Angry Men
37%
39. Dr. Strangelove
37%
34. Snow White and the Seven Dwarfs
36%
31. The Maltese Falcon
36%
47. A Streetcar Named Desire
35%
21. Chinatown
35%
53. The Deer Hunter
35%
35. Annie Hall
34%
11. City Lights
34%
25. To Kill a Mockingbird
34%
28. All About Eve
33%
16. Sunset Boulevard
33%
80. The Apartment
33%
36. The Bridge on the River Kwai
31%
12. The Searchers
31%
46. It Happened One Night
30%
78. Modern Times
30%
81. Spartacus
30%
68. Unforgiven
30%
26. Mr. Smith Goes to Washington
29%
73. Butch Cassidy and the Sundance Kid
28%
93. The French Connection
28%
43. Midnight Cowboy
27%
65. The African Queen
27%
44. The Philadelphia Story
27%
27. High Noon
26%
97. Blade Runner
25%
64. Network
25%
29. Double Indemnity
24%
18. The General
24%
42. Bonnie and Clyde
23%
60. Duck Soup
23%
75. In the Heat of the Night
23%
41. King Kong
23%
23. The Grapes of Wrath
23%
69. Tootsie
23%
63. Cabaret
21%
88. Bringing Up Baby
20%
91. Sophie's Choice
20%
37. The Best Years of Our Lives
20%
84. Easy Rider
19%
77. All the President's Men
18%
45. Shane
18%
89. The Sixth Sense
18%
62. American Graffiti
17%
54. MASH
17%
98. Yankee Doodle Dandy
17%
96. Do the Right Thing
16%
49. Intolerance
16%
38. The Treasure of the Sierra Madre
16%
67. Who's Afraid of Virginia Woolf?
16%
59. Nashville
15%
58. The Gold Rush
15%
82. Sunrise: A Song of Two Humans
14%
85. A Night at the Opera
13%
79. The Wild Bunch
13%
90. Swing Time
12%
95. The Last Picture Show
12%
61. Sullivan's Travels
11%
No matching quizzes found
Score Distribution
Percent of People with Each Score
Percentile by Number Answered
Your Score History
You have not taken this quiz